[Event "French Defense Practice "]
[Site "SchemingMind.com"]
[Date "2010.10.02"]
[Round "-"]
[White "Orhany24"]
[Black "Louis Lima"]
[Result "1/2-1/2"]
[WhiteCountry "TUR"]
[BlackCountry "ESP"]
[WhiteElo "1770"]
[WhiteRD "66"]
[BlackElo "1911"]
[BlackRD "68"]
[GameID "262191"]

1. e4 e6 2. d4 d5 3. Nc3 Nf6 4. Bg5 Be7 5. exd5 exd5 6. Nf3 O-O 7. Bd3 Bg4 8. O-O Nc6 9. Be2 Re8 10. Re1 h6
11. Bh4 Ne4 12. Bxe7 Rxe7 13. h3 Nxc3 14. bxc3 Bxf3 15. Bxf3 Rxe1+= 16. Qxe1 Qd6 17. Qd2=
1/2-1/2

[Event "French Defense Practice "]
[Site "SchemingMind.com"]
[Date "2010.10.03"]
[Round "-"]
[White "Louis Lima"]
[Black "Orhany24"]
[Result "1-0"]
[WhiteCountry "ESP"]
[BlackCountry "TUR"]
[WhiteElo "1978"]
[WhiteRD "103"]
[BlackElo "1748"]
[BlackRD "73"]
[GameID "262192"]

1. e4 e6 2. d4 d5 3. e5 f6 4. Bd3 c5 5. Qh5+ Ke7 6. Nf3 Nc6 7. dxc5 Nxe5 8. Nxe5 fxe5 9. Qxe5 Nf6 10. Nc3 a6
11. Bg5 Rb8 12. Qxb8
1-0

[Event "French Defense Practice "]
[Site "SchemingMind.com"]
[Date "2010.10.03"]
[Round "-"]
[White "keen"]
[Black "Orhany24"]
[Result "0-1"]
[WhiteCountry "SCO"]
[BlackCountry "TUR"]
[WhiteElo "1675"]
[WhiteRD "60"]
[BlackElo "1729"]
[BlackRD "70"]
[GameID "262269"]

1. e4 e6 2. d4 d5 3. Nc3 dxe4 4. Nxe4 Nf6 5. Nxf6+ Qxf6 6. Nf3 Bd6 7. Bg5 Qg6 8. Bd3 f5 9. Qd2 O-O 10. O-O-O h6
11. Nh4 Qxg5 12. Qxg5 hxg5 13. Nf3 Bd7 14. g3 g4 15. Nh4 b5 16. Ng6 Rf6 17. Ne5 Be8 18. h3 gxh3 19. Rxh3 Rh6 20. Rxh6 gxh6
21. Rh1 Kg7 22. Be2 b4 23. Bf3 c6 24. Nc4 Be7 25. Re1 Kf6 26. g4 fxg4 27. Bxg4 Bf7
0-1

[Event "French Defense Practice "]
[Site "SchemingMind.com"]
[Date "2010.10.02"]
[Round "-"]
[White "keen"]
[Black "Louis Lima"]
[Result "0-1"]
[WhiteCountry "SCO"]
[BlackCountry "ESP"]
[WhiteElo "1675"]
[WhiteRD "60"]
[BlackElo "1990"]
[BlackRD "91"]
[GameID "262270"]

1. e4 e6 2. d4 d5 3. Nc3 Nf6 4. Bg5 Be7 5. e5 Nfd7 6. Bxe7 Qxe7 7. Qg4 O-O 8. Bd3 c5 9. O-O-O cxd4 10. Qxd4 Nc6
11. Qf4 Ndxe5 12. Be2 Bd7 13. Nf3 Nxf3 14. Bxf3 Rfc8 15. Rhe1 Qb4 16. Qd2 Na5 17. a3 Qb6 18. Be2 Nc4 19. Bxc4 Rxc4 20. f3 Rac8
21. Re2 d4 22. Ne4 Ba4 23. c3 Bxd1 24. Qxd1 f5 25. Nd2 R4c6 26. Nb1 dxc3 27. Nxc3 Rxc3+ 28. bxc3 Rxc3+ 29. Rc2 Rxc2+ 30. Qxc2 Qc6
0-1

[Event "French Defense Practice "]
[Site "SchemingMind.com"]
[Date "2010.10.03"]
[Round "-"]
[White "Orhany24"]
[Black "keen"]
[Result "0-1"]
[WhiteCountry "TUR"]
[BlackCountry "SCO"]
[WhiteElo "1778"]
[WhiteRD "66"]
[BlackElo "1707"]
[BlackRD "60"]
[GameID "262271"]

1. e4 e6 2. d4 d5 3. Nc3 Nf6 4. Bg5 Be7 5. e5 Nfd7 6. Be3 c5 7. Nb5 Nc6 8. c3 O-O 9. a4 a6 10. Na3 cxd4
11. cxd4 Bb4+ 12. Bd2 Qb6 13. Nf3 Qa5 14. Nb1 Bxd2+ 15. Nbxd2 Qb4 16. Qb3 Nxd4 17. Qxb4 Nc2+ 18. Kd1 Nxb4 19. Be2 Nc6 20. Rc1 Ndxe5
21. Nxe5 Nxe5 22. h4 Bd7 23. f4 Nc6 24. g4 Nd4 25. Bd3 Bxa4+ 26. Ke1 Rac8 27. Kf2 h6 28. Rcg1 Bc2 29. Ke3 Bxd3 30. Kxd3 Nb5
31. h5 Kh7 32. g5 hxg5 33. fxg5 Rh8 34. Nf3 Kg8 35. Ne5 Nd6 36. g6 f6 37. Ng4 Nf5 38. h6 Nxh6
0-1

[Event "French Defense Practice "]
[Site "SchemingMind.com"]
[Date "2010.10.03"]
[Round "-"]
[White "Louis Lima"]
[Black "keen"]
[Result "1/2-1/2"]
[WhiteCountry "ESP"]
[BlackCountry "SCO"]
[WhiteElo "1990"]
[WhiteRD "91"]
[BlackElo "1675"]
[BlackRD "60"]
[GameID "262272"]

1. e4 e6 2. b3 d5 3. Bb2 dxe4 4. Nc3 Nf6 5. Qe2 b6 6. Nxe4 Bb7 7. Nxf6+ gxf6 8. Qg4 Bh6 9. O-O-O Nd7 10. f4 Qe7
11. Be2 O-O-O 12. Nf3 Rhg8 13. Qh3 Bxf4 14. g3 Bd6 15. Qxh7 Ne5 16. Nxe5 Bxe5 17. Bxe5 Bxh1 18. Rxh1 fxe5 19. Qe4 Qa3+ 20. Kb1 Kb8
21. Bf3 Kc8 22. Qb7+ Kd7 23. Qc6+=
1/2-1/2

[Event "French Defense Practice "]
[Site "SchemingMind.com"]
[Date "2010.10.04"]
[Round "-"]
[White "rampichino"]
[Black "Louis Lima"]
[Result "0-1"]
[WhiteCountry "ITA"]
[BlackCountry "ESP"]
[WhiteElo "1315"]
[WhiteRD "67"]
[BlackElo "2067"]
[BlackRD "81"]
[GameID "262401"]

1. e4 e6 2. d4 d5 3. e5 c5 4. c3 Nc6 5. Nf3 Bd7 6. Be2 Nge7 7. Na3 cxd4 8. cxd4 Nf5 9. Nc2 Be7 10. O-O O-O
0-1

[Event "French Defense Practice "]
[Site "SchemingMind.com"]
[Date "2010.10.04"]
[Round "-"]
[White "rampichino"]
[Black "keen"]
[Result "0-1"]
[WhiteCountry "ITA"]
[BlackCountry "SCO"]
[WhiteElo "1315"]
[WhiteRD "67"]
[BlackElo "1707"]
[BlackRD "60"]
[GameID "262402"]

1. e4 e6 2. d4 d5 3. e5 c5 4. c3 Nc6 5. Nf3 Bd7 6. Be2 Qb6 7. O-O cxd4 8. cxd4 Nge7 9. b3 Nf5 10. Bb2 Rc8
11. Na3 Bxa3 12. Bxa3 Nfxd4 13. Nxd4 Nxd4 14. Bd3 Qa5 15. Bb2 Nc6
0-1

[Event "French Defense Practice "]
[Site "SchemingMind.com"]
[Date "2010.10.04"]
[Round "-"]
[White "Louis Lima"]
[Black "rampichino"]
[Result "1-0"]
[WhiteCountry "ESP"]
[BlackCountry "ITA"]
[WhiteElo "2067"]
[WhiteRD "81"]
[BlackElo "1315"]
[BlackRD "67"]
[GameID "262404"]

1. e4 e6 2. d4 d5 3. exd5 exd5 4. Bd3 Nc6 5. Nf3 Bg4 6. c3 Bd6 7. O-O Nge7 8. Re1 Qd7 9. Nbd2 O-O-O 10. b4 a6
11. b5
1-0

[Event "French Defense Practice "]
[Site "SchemingMind.com"]
[Date "2010.10.05"]
[Round "-"]
[White "keen"]
[Black "rampichino"]
[Result "1-0"]
[WhiteCountry "SCO"]
[BlackCountry "ITA"]
[WhiteElo "1707"]
[WhiteRD "60"]
[BlackElo "1315"]
[BlackRD "67"]
[GameID "262405"]

1. e4 e6 2. d4 d5 3. Nc3 Bb4 4. e5 c5 5. a3 Bxc3+ 6. bxc3 Ne7 7. Nf3 Qc7 8. Bd3 b6 9. O-O Ba6 10. Ng5 Bxd3
11. Qxd3 c4 12. Qf3 Ng6 13. g3 O-O 14. h4 Qd7 15. h5
1-0

[Event "French Defense Practice "]
[Site "SchemingMind.com"]
[Date "2010.10.09"]
[Round "-"]
[White "Will Grummitt"]
[Black "Orhany24"]
[Result "0-1"]
[WhiteCountry "ENG"]
[BlackCountry "TUR"]
[WhiteElo "1694"]
[WhiteRD "55"]
[BlackElo "1778"]
[BlackRD "66"]
[GameID "262425"]

1. e4 e6 2. d4 d5 3. Nd2 dxe4 4. Nxe4 Nf6 5. Nxf6+ Qxf6 6. Nf3 Bd6 7. Bd3 O-O 8. O-O c5 9. dxc5 Bxc5 10. Re1 Nc6
11. Bg5 Qxb2 12. Qb1 Qxb1 13. Raxb1 b6 14. Bd2 Bb7 15. Be4 Rac8 16. Ne5 Rfd8 17. Bc3 Bd6 18. Nxc6 Bxc6 19. Bxc6 Rxc6 20. Re3 Bf4
21. Rf3 Rdc8 22. Rb3 Rd8 23. g3 Bd2 24. Bxd2 Rxd2 25. Rbd3 Rd6 26. Rxd6 Rxd6 27. Rd3 Rxd3 28. cxd3 Kf8 29. Kg2 Ke7 30. Kf3 Kd6
31. Ke4 f6 32. f4 b5 33. Kd4 a5 34. a3 e5+ 35. fxe5+ fxe5+ 36. Kc3 Kc5 37. g4 b4+ 38. axb4+ axb4+ 39. Kc2 Kd4 40. Kb3 Kxd3
41. Kxb4 e4 42. h4 e3 43. g5 e2 44. h5 e1=Q+ 45. Kc5 Qe4 46. Kd6 Kd4 47. Kd7 Qe5 48. Kc6 Qd5+ 49. Kb6 Qc5+ 50. Kb7 Kd5
51. h6 g6 52. Ka6 Qb4 53. Ka7 Kc6 54. Ka8 Kc7 55. Ka7 Qa5#
0-1

[Event "French Defense Practice "]
[Site "SchemingMind.com"]
[Date "2010.10.04"]
[Round "-"]
[White "Will Grummitt"]
[Black "Louis Lima"]
[Result "0-1"]
[WhiteCountry "ENG"]
[BlackCountry "ESP"]
[WhiteElo "1694"]
[WhiteRD "55"]
[BlackElo "2067"]
[BlackRD "81"]
[GameID "262426"]

1. e4 e6 2. d4 d5 3. Nc3 Nf6 4. e5 Nfd7 5. Nf3 c5 6. Be3 Nc6 7. dxc5 Ndxe5 8. Nxe5 Nxe5 9. Bb5+ Bd7 10. Bxd7+ Nxd7
11. Qd4 Nxc5 12. O-O Nd7 13. Qd2 Bb4 14. a3 Bxc3 15. Qxc3 O-O 16. Bd4 Rc8 17. Qg3 f6 18. Be3 Rxc2 19. Bh6 Rf7 20. Rfe1 e5
21. b4 Kh8 22. Be3 d4 23. Bc1 Nb6 24. Qf3 Qd5 25. Qxd5 Nxd5 26. Kf1 Rfc7 27. g3 d3 28. Rd1 e4 29. Bf4 Nxf4 30. gxf4 Kg8
31. Ke1 Re2+ 32. Kf1 Rcc2 33. Rac1 Rxf2+ 34. Kg1 Rxh2 35. Rxc2 Rxc2 36. Kf1 Kf7 37. Ke1 Ke6 38. Rd2 Rxd2 39. Kxd2 h5 40. Ke3 h4
0-1

[Event "French Defense Practice "]
[Site "SchemingMind.com"]
[Date "2010.10.04"]
[Round "-"]
[White "Will Grummitt"]
[Black "keen"]
[Result "0-1"]
[WhiteCountry "ENG"]
[BlackCountry "SCO"]
[WhiteElo "1694"]
[WhiteRD "58"]
[BlackElo "1652"]
[BlackRD "59"]
[GameID "262427"]

1. e4 e6 2. d4 d5 3. Nc3 Nf6 4. e5 Nfd7 5. Nf3 c5 6. Be3 Nc6 7. Bd3 c4 8. Be2 Bb4 9. Qd2 O-O 10. a3 Ba5
11. O-O Ne7 12. b4 cxb3 13. cxb3 Nf5 14. b4 Nxe3 15. Qxe3 Bb6 16. Na4 Bc7 17. Bb5 b6 18. Nc3 a6 19. Bd3 Nb8 20. Qe2 b5
21. Qc2 Bb6 22. Bxh7+ Kh8 23. Bd3 Nc6 24. Ne2 Qe7 25. Qd2 f6 26. exf6 Rxf6 27. Qg5 Qf7 28. Qh4+ Rh6 29. Qg3 Bd7 30. Ne5 Nxe5
31. Qxe5 Rf8 32. f3 Bc8 33. Rac1 Rh5 34. Qg3 Qf6 35. Qf2 Qh6 36. h3 e5 37. Bb1 e4 38. Qg3 Rg5 39. Qe1 Qxh3 40. Rf2 e3
41. Kf1 Qh1+ 42. Ng1 exf2 43. Qxf2 Bxd4 44. Qxd4 Qxg2+ 45. Ke1 Qxg1+ 46. Qxg1 Rxg1+ 47. Kd2 Rxc1 48. Kxc1 Rxf3
0-1

[Event "French Defense Practice "]
[Site "SchemingMind.com"]
[Date "2010.10.05"]
[Round "-"]
[White "Will Grummitt"]
[Black "rampichino"]
[Result "1-0"]
[WhiteCountry "ENG"]
[BlackCountry "ITA"]
[WhiteElo "1694"]
[WhiteRD "55"]
[BlackElo "1315"]
[BlackRD "67"]
[GameID "262428"]

1. e4 e6 2. d4 d5 3. Nc3 dxe4 4. Nxe4 Nd7 5. Nf3 Ngf6 6. Nxf6+ Nxf6 7. Bd3 Be7 8. O-O O-O 9. c3 b6 10. Bf4 Bb7
11. Re1 c5 12. dxc5 Bxc5 13. b4 Be7 14. h3 Qd7 15. Bg5 Rad8 16. Ne5
1-0

[Event "French Defense Practice "]
[Site "SchemingMind.com"]
[Date "2010.10.09"]
[Round "-"]
[White "Orhany24"]
[Black "Will Grummitt"]
[Result "1-0"]
[WhiteCountry "TUR"]
[BlackCountry "ENG"]
[WhiteElo "1778"]
[WhiteRD "66"]
[BlackElo "1694"]
[BlackRD "55"]
[GameID "262429"]

1. e4 e6 2. d4 d5 3. Nc3 Bb4 4. a3 Bxc3+ 5. bxc3 dxe4 6. Qg4 Qf6 7. Qxe4 Nc6 8. Nf3 Nge7 9. Bd3 Ng6 10. O-O O-O
11. Bg5 Qf5 12. Qe3 Qa5 13. Qd2 Nge7 14. Be3 Nd5 15. c4 Qxd2 16. Bxd2 Nf6 17. Bc3 Re8 18. Rfe1 Bd7 19. h3 Rad8 20. Rad1 Ne7
21. Ne5 b6= 22. Re3 Nc6 23. Nxd7 Rxd7 24. c5 Red8 25. Rg3 Nxd4 26. Kh2 Nc6 27. Bxf6 Ra8 28. Rxg7+ Kf8 29. Bxh7 Ne7 30. Rxd7 Ke8
31. Rxe7+ Kd8 32. Rg8#
1-0

[Event "French Defense Practice "]
[Site "SchemingMind.com"]
[Date "2010.10.04"]
[Round "-"]
[White "Louis Lima"]
[Black "Will Grummitt"]
[Result "1-0"]
[WhiteCountry "ESP"]
[BlackCountry "ENG"]
[WhiteElo "1978"]
[WhiteRD "103"]
[BlackElo "1694"]
[BlackRD "58"]
[GameID "262430"]

1. e4 e6 2. d4 d5 3. Bd3 Nc6 4. c3 Nf6 5. e5 Nd7 6. Nf3 Be7 7. O-O O-O 8. Qc2 b6 9. Bxh7+ Kh8 10. Bd3 g6
11. Qd2 Na5 12. Qh6+ Kg8 13. Ng5 Bxg5 14. Bxg5 Qe8 15. Bf6
1-0

[Event "French Defense Practice "]
[Site "SchemingMind.com"]
[Date "2010.10.05"]
[Round "-"]
[White "keen"]
[Black "Will Grummitt"]
[Result "1/2-1/2"]
[WhiteCountry "SCO"]
[BlackCountry "ENG"]
[WhiteElo "1652"]
[WhiteRD "59"]
[BlackElo "1694"]
[BlackRD "58"]
[GameID "262431"]

1. e4 e6 2. d4 d5 3. Nc3 Nf6 4. Bg5 dxe4 5. Nxe4 Be7 6. Nxf6+ Bxf6 7. Bxf6 Qxf6 8. Nf3 O-O 9. Bd3 Nc6 10. c3 Re8
11. O-O e5 12. dxe5 Nxe5 13. Nxe5 Qxe5 14. Qd2 Bf5 15. Rfe1 Qf6 16. Bxf5=
1/2-1/2

[Event "French Defense Practice "]
[Site "SchemingMind.com"]
[Date "2010.10.05"]
[Round "-"]
[White "rampichino"]
[Black "Will Grummitt"]
[Result "0-1"]
[WhiteCountry "ITA"]
[BlackCountry "ENG"]
[WhiteElo "1315"]
[WhiteRD "67"]
[BlackElo "1694"]
[BlackRD "55"]
[GameID "262432"]

1. e4 e6 2. d4 d5 3. e5 c5 4. c3 Nc6 5. Nf3 Qb6 6. Bd3 cxd4 7. cxd4 Bd7 8. O-O Nxd4 9. Nxd4 Qxd4 10. Nc3 Qb6
11. Qf3 Bc5 12. Re1 Bc6 13. Qg3 Ne7 14. b3 g6 15. Be3 Bxe3
0-1

[Event "French Defense Practice "]
[Site "SchemingMind.com"]
[Date "2010.10.05"]
[Round "-"]
[White "PawnPusherPete"]
[Black "Louis Lima"]
[Result "1/2-1/2"]
[WhiteCountry "ENG"]
[BlackCountry "ESP"]
[WhiteElo "2238"]
[WhiteRD "70"]
[BlackElo "2067"]
[BlackRD "81"]
[GameID "262539"]

1. e4 e6 2. d4 d5 3. Nc3 Nf6 4. Bg5 Be7 5. e5 Nfd7 6. h4 O-O 7. Bd3 c5 8. Qh5 g6 9. Qh6 cxd4 10. Nf3 Nxe5
11. Nxe5 dxc3 12. Nxg6 fxg6= 13. Bxg6 hxg6 14. Qxg6+ Kh8 15. Rh3 cxb2 16. Rb1 Qb6 17. Qh5+ Kg8 18. Be3 Qb4+ 19. Bd2 Qe4+ 20. Re3 Qxg2
21. Rg3+ Qxg3 22. fxg3 Nc6 23. Bc3 e5 24. Qg6+=
1/2-1/2

[Event "French Defense Practice "]
[Site "SchemingMind.com"]
[Date "2010.10.05"]
[Round "-"]
[White "PawnPusherPete"]
[Black "keen"]
[Result "1-0"]
[WhiteCountry "ENG"]
[BlackCountry "SCO"]
[WhiteElo "2227"]
[WhiteRD "84"]
[BlackElo "1652"]
[BlackRD "59"]
[GameID "262540"]

1. e4 e6 2. d4 d5 3. Nc3 Nf6 4. e5 Nfd7 5. Qg4 c5 6. Be3 Nc6 7. Nf3 cxd4 8. Bxd4 Nxd4 9. Nxd4 Nxe5 10. Qg3 Ng6
11. Ndb5 e5 12. Nxd5 Bd6 13. O-O-O O-O 14. Ndc3
1-0

[Event "French Defense Practice "]
[Site "SchemingMind.com"]
[Date "2010.10.05"]
[Round "-"]
[White "PawnPusherPete"]
[Black "Will Grummitt"]
[Result "1-0"]
[WhiteCountry "ENG"]
[BlackCountry "ENG"]
[WhiteElo "2227"]
[WhiteRD "84"]
[BlackElo "1694"]
[BlackRD "58"]
[GameID "262542"]

1. e4 e6 2. d4 d5 3. Nc3 Nf6 4. Bg5 dxe4 5. Nxe4 Be7 6. Bxf6 Bxf6 7. c3 O-O 8. Nf3 Nc6 9. Bd3 Re8 10. Qc2 h6
11. O-O-O Qe7 12. h4 Bd7 13. g4 g5 14. hxg5 Bxg5+ 15. Nfxg5 hxg5 16. Rh5 f6 17. Rdh1 Qg7 18. Rh7 Qxh7 19. Nxf6+ Kg7 20. Nxe8+ Rxe8
21. Rxh7+ Kg8 22. Qd2 Re7 23. Qxg5+ Kf8 24. Qf6+ Ke8 25. Qh8#
1-0

[Event "French Defense Practice "]
[Site "SchemingMind.com"]
[Date "2010.10.09"]
[Round "-"]
[White "Orhany24"]
[Black "PawnPusherPete"]
[Result "0-1"]
[WhiteCountry "TUR"]
[BlackCountry "ENG"]
[WhiteElo "1729"]
[WhiteRD "70"]
[BlackElo "2264"]
[BlackRD "77"]
[GameID "262543"]

1. e4 e6 2. d4 d5 3. Nc3 Bb4 4. a3 Bxc3+ 5. bxc3 dxe4 6. Qg4 Nf6 7. Qxg7 Rg8 8. Qh6 b6 9. g3 Nbd7 10. Bg2 Bb7
11. Ne2 Qe7 12. O-O O-O-O 13. a4 Rg6 14. Ba3 Qxa3 15. Qxg6 Qxa1
0-1

[Event "French Defense Practice "]
[Site "SchemingMind.com"]
[Date "2010.10.06"]
[Round "-"]
[White "Louis Lima"]
[Black "PawnPusherPete"]
[Result "0-1"]
[WhiteCountry "ESP"]
[BlackCountry "ENG"]
[WhiteElo "1911"]
[WhiteRD "68"]
[BlackElo "2216"]
[BlackRD "70"]
[GameID "262544"]

1. e4 e6 2. d4 d5 3. Nd2 c5 4. Ngf3 Nc6 5. exd5 exd5 6. Bb5 Bd6 7. dxc5 Bxc5 8. O-O Ne7 9. Nb3 Bd6 10. Re1 O-O
11. Bg5 a6 12. Be2 Bf5 13. c3 Qc7 14. g3 f6 15. Be3 Rfe8 16. Rc1 Bg6 17. Nbd4 Bf7 18. Bf1 Ng6 19. Bg2 Rad8 20. Nf5 Bf8
21. Qa4 Nge5
0-1

[Event "French Defense Practice "]
[Site "SchemingMind.com"]
[Date "2010.10.06"]
[Round "-"]
[White "keen"]
[Black "PawnPusherPete"]
[Result "0-1"]
[WhiteCountry "SCO"]
[BlackCountry "ENG"]
[WhiteElo "1675"]
[WhiteRD "60"]
[BlackElo "2264"]
[BlackRD "77"]
[GameID "262545"]

1. e4 e6 2. d4 d5 3. Nc3 Bb4 4. e5 c5 5. a3 Bxc3+ 6. bxc3 Ne7 7. Bd3 Nbc6 8. Qg4 c4 9. Be2 O-O 10. h4 f6
11. Bh6 Nf5 12. exf6 Qxf6 13. Bg5 Qf7 14. Nf3 e5 15. Nxe5 Nfxd4 16. Nxf7 Nxc2+ 17. Kd2 Bxg4 18. Bxg4 Nxa1 19. Rxa1 Kxf7 20. Re1 Rae8
21. Rb1 Ne5 22. Bh5+ g6 23. Rxb7+ Ke6 24. Bf3 Nxf3+ 25. gxf3 Rf7 26. Rxf7 Kxf7 27. Be3 a6 28. a4 Rb8 29. Bc5 Rb2+ 30. Ke3 Ra2
31. Kf4 Kf6 32. Bd4+ Ke6 33. Kg5 Rxa4 34. Kh6 Ra1 35. Kxh7 Kf5 36. Be3 a5
0-1

[Event "French Defense Practice "]
[Site "SchemingMind.com"]
[Date "2010.10.05"]
[Round "-"]
[White "Will Grummitt"]
[Black "PawnPusherPete"]
[Result "0-1"]
[WhiteCountry "ENG"]
[BlackCountry "ENG"]
[WhiteElo "1694"]
[WhiteRD "58"]
[BlackElo "2227"]
[BlackRD "84"]
[GameID "262547"]

1. e4 e6 2. d4 d5 3. Nc3 Bb4 4. e5 c5 5. a3 Bxc3+ 6. bxc3 Qc7 7. Qg4 Ne7 8. Qxg7 Rg8 9. Qxh7 cxd4 10. cxd4 Qc3+
11. Kd1 Qxd4+ 12. Qd3 Qxa1 13. Nf3 Bd7 14. Qb3 Nbc6 15. Qxb7 Rb8 16. Qa6 Rb1
0-1

[Event "French Defense Practice "]
[Site "SchemingMind.com"]
[Date "2010.10.09"]
[Round "-"]
[White "Ivancic"]
[Black "Orhany24"]
[Result "1-0"]
[WhiteCountry "AUS"]
[BlackCountry "TUR"]
[WhiteElo "1869"]
[WhiteRD "71"]
[BlackElo "1778"]
[BlackRD "66"]
[GameID "262739"]

1. e4 e6 2. d4 d5 3. exd5 exd5 4. c4 c6 5. Nc3 Nf6 6. Bg5 Be7 7. Nf3 O-O 8. Be2 Bg4 9. cxd5 Nxd5 10. Bxe7 Qxe7
11. O-O Nd7 12. Re1 Qf6 13. Ne4 Qg6 14. Bd3 Qh5 15. Ng3 Qh6 16. h3 Be6 17. Nf5 Bxf5 18. Bxf5 Rad8 19. Qb3 N7b6 20. a4 a5
21. Nh2 Rfe8 22. Be4 Nb4 23. Ng4 Qf4 24. g3 Qg5 25. f4 Qh5 26. Ne5 N6d5 27. Kg2 f5 28. g4 fxg4 29. hxg4 Qh4 30. Rh1 Qf6
31. Bxh7+ Kf8 32. Bf5 Nxf4+ 33. Kf3
1-0

[Event "French Defense Practice "]
[Site "SchemingMind.com"]
[Date "2010.10.07"]
[Round "-"]
[White "Ivancic"]
[Black "Louis Lima"]
[Result "0-1"]
[WhiteCountry "AUS"]
[BlackCountry "ESP"]
[WhiteElo "1869"]
[WhiteRD "71"]
[BlackElo "2067"]
[BlackRD "81"]
[GameID "262740"]

1. e4 e6 2. d4 d5 3. Nc3 Nf6 4. Bg5 Be7 5. e5 Nfd7 6. Bxe7 Qxe7 7. Qd2 a6 8. O-O-O c5 9. f4 Nc6 10. dxc5 Nxc5
11. f5 Nxe5 12. fxe6 fxe6 13. Re1 O-O 14. Nh3 Rf5 15. g4 Nxg4 16. Rg1 Ne5 17. Bg2 Bd7 18. b4 Na4 19. Nxa4 Bxa4 20. Nf4 Rc8
21. c3 Rxf4 22. Kb1 Qf6 23. Bxd5 exd5 24. Qxd5+ Nf7 25. Qxb7 Qxc3
0-1

[Event "French Defense Practice "]
[Site "SchemingMind.com"]
[Date "2010.10.07"]
[Round "-"]
[White "Ivancic"]
[Black "keen"]
[Result "1-0"]
[WhiteCountry "AUS"]
[BlackCountry "SCO"]
[WhiteElo "1894"]
[WhiteRD "68"]
[BlackElo "1675"]
[BlackRD "60"]
[GameID "262741"]

1. e4 e6 2. d4 d5 3. exd5 exd5 4. Nf3 Nf6 5. c4 c6 6. Nc3 Bg4 7. cxd5 Nxd5 8. Be2 Nf6 9. Bg5 Be7 10. O-O O-O
11. Re1 Nbd7 12. h3 Bh5 13. g4 Bg6 14. Qb3 Nb6 15. Rad1 Re8 16. Ne5 Qc7 17. f4 Bd6 18. f5 Bxf5 19. gxf5 Bxe5 20. dxe5 Qxe5
21. Rd3 Qxf5 22. Rg3 Qe5 23. Rg2 Nh5 24. Rf1 Nd5 25. Bxh5 Rf8 26. Nxd5 cxd5 27. Bf6
1-0

[Event "French Defense Practice "]
[Site "SchemingMind.com"]
[Date "2010.10.07"]
[Round "-"]
[White "Ivancic"]
[Black "Will Grummitt"]
[Result "1-0"]
[WhiteCountry "AUS"]
[BlackCountry "ENG"]
[WhiteElo "1894"]
[WhiteRD "68"]
[BlackElo "1709"]
[BlackRD "56"]
[GameID "262743"]

1. e4 e6 2. d4 d5 3. e5 c5 4. c3 Nc6 5. Nf3 Qb6 6. Bd3 cxd4 7. cxd4 Bd7 8. O-O Nxd4 9. Nxd4 Qxd4 10. Nc3 Qb6
11. Be3 Qxb2 12. Bd4 Qb4 13. Be2 Rc8 14. Rb1 Qa5 15. Rxb7 Bc5 16. Nb5 Bxb5 17. Bxb5+ Kf8 18. Bxc5+ Rxc5 19. Rb8+ Ke7 20. Re8#
1-0

[Event "French Defense Practice "]
[Site "SchemingMind.com"]
[Date "2010.10.07"]
[Round "-"]
[White "Ivancic"]
[Black "PawnPusherPete"]
[Result "0-1"]
[WhiteCountry "AUS"]
[BlackCountry "ENG"]
[WhiteElo "1894"]
[WhiteRD "68"]
[BlackElo "2264"]
[BlackRD "77"]
[GameID "262744"]

1. e4 e6 2. d4 d5 3. exd5 exd5 4. c4 Nf6 5. Nc3 Be7 6. Nf3 O-O 7. Be2 Be6 8. c5 Nc6 9. O-O Ne4 10. Re1 a6
11. Bf4 g5 12. Bg3 f5 13. h3 Bf6 14. Be5 g4 15. hxg4 fxg4 16. Nh2 Nxf2 17. Bxf6 Qxf6
0-1

[Event "French Defense Practice "]
[Site "SchemingMind.com"]
[Date "2010.10.10"]
[Round "-"]
[White "Orhany24"]
[Black "Ivancic"]
[Result "1-0"]
[WhiteCountry "TUR"]
[BlackCountry "AUS"]
[WhiteElo "1778"]
[WhiteRD "66"]
[BlackElo "1869"]
[BlackRD "71"]
[GameID "262745"]

1. e4 e6 2. d4 c5 3. d5 d6 4. c4 g6 5. Nc3 Bg7 6. Bd3 Ne7 7. Nge2 O-O 8. O-O e5 9. f4 exf4 10. Bxf4 f5
11. Qc2 fxe4 12. Bxe4 Nf5 13. Rae1 Nd4 14. Nxd4 Bxd4+ 15. Kh1 Na6 16. a3 Nc7 17. Bh6 Rxf1+ 18. Rxf1 Qh4 19. Rf8#
1-0

[Event "French Defense Practice "]
[Site "SchemingMind.com"]
[Date "2010.10.08"]
[Round "-"]
[White "Louis Lima"]
[Black "Ivancic"]
[Result "1/2-1/2"]
[WhiteCountry "ESP"]
[BlackCountry "AUS"]
[WhiteElo "1911"]
[WhiteRD "68"]
[BlackElo "1876"]
[BlackRD "77"]
[GameID "262746"]

1. e4 e6 2. d4 d5 3. e5 c5 4. c3 Nc6 5. g3 f6 6. f4 cxd4 7. cxd4 Bb4+ 8. Bd2 Qb6 9. Nf3 Bd7 10. a3 Bxd2+
11. Qxd2 Na5 12. Qb4 Qxb4+ 13. axb4 Nc6 14. b5 Nb4 15. Kd2 Rc8 16. Na3 Ne7 17. Bh3 O-O 18. Rhc1 Ng6 19. Ke3 fxe5 20. fxe5 a6
21. bxa6 Nxa6 22. Ng5 Rfe8 23. Rxc8 Bxc8 24. Nb5 Nf8 25. Nd6 Rd8 26. Rc1 Bd7 27. Rc3 h6 28. Nf3 b5 29. Nb7 Rc8 30. Rxc8=
1/2-1/2

[Event "French Defense Practice "]
[Site "SchemingMind.com"]
[Date "2010.10.07"]
[Round "-"]
[White "keen"]
[Black "Ivancic"]
[Result "0-1"]
[WhiteCountry "SCO"]
[BlackCountry "AUS"]
[WhiteElo "1675"]
[WhiteRD "60"]
[BlackElo "1894"]
[BlackRD "68"]
[GameID "262747"]

1. e4 e6 2. d4 d5 3. Nc3 c6 4. Bd3 Bd6 5. Qg4 Bf8 6. e5 f6 7. Nge2 f5 8. Qg3 Qc7 9. Bd2 b6 10. O-O Bb7
11. Nf4 Qd7 12. Be2 Na6 13. Bh5+ Kd8 14. Nh3 Kc7 15. Ng5 g6 16. Be2 h6 17. Nf3 g5 18. a3 f4 19. Qg4 Ne7 20. Qh5 Nf5
21. Nxg5 Be7 22. Nf7 Nxd4 23. Nxh8 Rxh8 24. Bxf4 Nxc2 25. Rac1 Nd4 26. Bd3 Nc5 27. Bb1 Ncb3 28. Rcd1 c5 29. Ba2 Na5 30. Rc1 Nf5
31. Rfd1 d4 32. Qe2 Rg8 33. Ne4 Nh4 34. g3 Ng6 35. Qd2 Bxe4 36. Be3 Nh4 37. Kf1 Qb5+
0-1

[Event "French Defense Practice "]
[Site "SchemingMind.com"]
[Date "2010.10.08"]
[Round "-"]
[White "Will Grummitt"]
[Black "Ivancic"]
[Result "0-1"]
[WhiteCountry "ENG"]
[BlackCountry "AUS"]
[WhiteElo "1709"]
[WhiteRD "56"]
[BlackElo "1894"]
[BlackRD "68"]
[GameID "262749"]

1. e4 e6 2. d4 d5 3. Nd2 c5 4. exd5 exd5 5. Ngf3 Nc6 6. Bb5 Nf6 7. O-O Be7 8. Re1 O-O 9. Nb3 Nxd4 10. Nbxd4 cxd4
11. Nxd4 Bc5 12. Be3 Ng4 13. Qf3 Qh4 14. h3 Nxe3 15. fxe3 Bxd4 16. Qxd5 Bxb2 17. Rad1 Be6 18. Qxb7 Rab8 19. Qc6 Rfc8 20. Qa6 Rb6
21. Qa5 Bxh3 22. gxh3 Qg3+ 23. Kf1 Qf3+ 24. Kg1 Rg6+ 25. Kh2 Be5#
0-1